• 首页
  • 本馆介绍
  • 公告通知
  • 最新文献
  • 馆藏检索
  • 电子资源
  • 读者导购
  • 参考咨询
  • 我的图书馆
  • 登录
  • 详细信息显示
  • 放入我的书架
  • 预约/预借图书
  • 作者相关作品
  • 分类相关作品
  • 丛书相关作品
  • 出版社相关作品

书目信息

  • 表格格式
  • 工作单格式
  • 卡片格式
题名:
了不起的盖茨比
    
 
作者: 菲茨杰拉德 著 ;江海 译
分册:  
出版信息: 西安   西安出版社  2018
页数: 236页
开本: 21cm
丛书名:
单 册:
中图分类: H319.4:I , I712.45
科图分类:
主题词: 英语--ying yu--汉语--对照读物 , 长篇小说--chang pian xiao shuo--美国--现代
电子资源:
ISBN: 978-7-5541-3307-1
000 01403nam0 2200313 450
001 012001011570
005 20141122101634.0
010    @a978-7-5541-3307-1@dCNY36.80
099    @aCAL 012019113285
100    @a20190831d2018 em y0chiy50 ea
101 1  @achi@aeng@ceng
102    @aCN@b610000
105    @ay z 000ay
106    @ar
200 1  @a了不起的盖茨比@Aliao bu qi de gai ci bi@f(美) 弗朗西斯·斯科特·菲茨杰拉德著@d= The great Gatsby@fFrancis Scott Key Fitzgerald@g江海译@zeng
210    @a西安@c西安出版社@d2018
215    @a236页@d21cm
300    @a中英双语对照版
314    @a弗朗西斯·斯科特·菲茨杰拉德 (Francis Scott Key Fitzgerald, 1896-1940), 二十世纪美国杰出作家, 著名编剧, “爵士时代”的重要代表。
330    @a本书讲述了:主人公盖茨比出身寒微,一次偶然的机会他认识了富家少女黛西,两人一见钟情,私订终身。后来黛西背叛了他,嫁给了有钱人汤姆。盖茨比为了赢得爱情,不择手段聚积金钱。为了追求黛西,盖茨比耗尽了自己的感情和才智,但理想最终还是破灭了,他带着残破的梦离开了人世。
500 10 @aGreat Gatsby@mChinese
606 0  @a英语@Aying yu@x汉语@j对照读物
606 0  @a长篇小说@Achang pian xiao shuo@y美国@z现代
690    @aH319.4:I@v5
690    @aI712.45@v5
701  1 @a菲茨杰拉德@Afei ci jie la de@g(Fitzgerald, Francis Scott Key),@f1896-1940@4著
702  0 @a江海@Ajiang hai@4译
801  0 @aCN@b上海新华@c20191020
905    @b1183712-5@dH319.4:I@e2091@f4
    
    了不起的盖茨比/(美) 弗朗西斯·斯科特·菲茨杰拉德著= The great Gatsby/Francis Scott Key Fitzgerald/江海译.-西安:西安出版社,2018
    236页;21cm
    中英双语对照版
    
    ISBN 978-7-5541-3307-1:CNY36.80
    本书讲述了:主人公盖茨比出身寒微,一次偶然的机会他认识了富家少女黛西,两人一见钟情,私订终身。后来黛西背叛了他,嫁给了有钱人汤姆。盖茨比为了赢得爱情,不择手段聚积金钱。为了追求黛西,盖茨比耗尽了自己的感情和才智,但理想最终还是破灭了,他带着残破的梦离开了人世。
●
相关链接 在E读中查询图书 在五车中查询图书 在当当中查询图书 在豆瓣中查询图书


正题名:了不起的盖茨比     索取号:H319.4:I/2091         预约/预借

序号 登录号 条形码 馆藏地/架位号 状态 备注
1 1183712   211837128   第二样本阅览室/ [索取号:H319.4:I/2091] 在馆    
2 1183713   211837137   第四借阅区/ [索取号:H319.4:I/2091] 在馆    
3 1183714   211837146   第四借阅区/ [索取号:H319.4:I/2091] 在馆    
4 1183715   211837155   第四借阅区/ [索取号:H319.4:I/2091] 在馆    
唐山师范学院图书馆 欢迎您!
大连网信软件有限公司© 版权所有